La lignée humaine préhistorique - Statistiques

Statistiques générales
  • Ce quiz a été pris 8 fois
  • Le résultat moyen est 5 sur 10
Statistiques - réponses
Hint Réponse % Correct
- 35 000 ans Homo sapiens
100%
- 4,2 à 2,5 Ma Australopithèque (Lucy)
50%
- 4,2 à 2,5 Ma Bipédie
50%
- 35 000 ans Cerveau plus volumineux
50%
- 350 000 à - 35 000 ans Homme de Neandertal
50%
- 1,9 Ma à 300 000 ans Homo erectus
50%
- 2,4 à 1,6 Ma Homo habilis
50%
- 1,9 Ma à 300 000 ans Maîtrise du feu
50%
- 350 000 à - 35 000 ans Rite funéraire
50%
- 2,4 à 1,6 Ma Premiers outils
0%
Aucun quiz correspondant
Distribution des résultats
% des personnes avec chaque résultat
Percentile par nombre de réponses
Votre historique - résultats
Vous n’avez pas pris ce quiz